00617nam a2200205 i 450000100060000000300090000600500170001500700030003200800410003502000180007610000230009424501050011726000470022230000340026950000130030365000180031670000350033470000210036985200210039087359ES-MaACL20230906175645.0t|041221s1983 sp ||||1| spa d a84-85320-16-61 aKrause, William J.10aHistología / cWilliam J. Krause, J. Harry Cutts ; [traducción de Antonio Borregón Ramírez]. aMadrid : b[s.n., c1983] (fPanamericana) aXI, 434 p. : bil. ; c25 cm. aIndices. 4aHistología.1 aBorregón Ramírez, Antonio.1 aCutts, J. Harry. aES-MaACLjL-8304